000
00256nam a2200109Ia 4500
008
190216s9999||||xx |||||||||||||| ||und||
100
_a
Down Byrne
245
0
_a
Inter Mediate Comprelension Passages
260
_b
Longmans
650
_a
English
942
_c
BK
999
_c
12835
_d
12835